PHYSICAL PHARMACY (Record no. 7328)

MARC details
000 -LEADER
fixed length control field 00299nam a2200133Ia 4500
008 - FIXED-LENGTH DATA ELEMENTS--GENERAL INFORMATION
fixed length control field 150301s2015 xx 000 0 und d
082 ## - DEWEY DECIMAL CLASSIFICATION NUMBER
Classification number 615.4
Item number P12M
100 ## - MAIN ENTRY--PERSONAL NAME
Personal name MOHANTA, G.P
245 ## - TITLE STATEMENT
Title PHYSICAL PHARMACY
260 ## - PUBLICATION, DISTRIBUTION, ETC. (IMPRINT)
Name of publisher, distributor, etc. PHARMA MED PRESS
300 ## - PHYSICAL DESCRIPTION
Extent 108
650 ## - SUBJECT ADDED ENTRY--TOPICAL TERM
Topical term or geographic name as entry element PHARMACY
942 ## - ADDED ENTRY ELEMENTS (KOHA)
Source of classification or shelving scheme Dewey Decimal Classification
Koha item type Books
Holdings
Withdrawn status Lost status Source of classification or shelving scheme Damaged status Use restrictions Not for loan Collection code Home library Current library Shelving location Date acquired Source of acquisition Cost, normal purchase price SGTU Bill Number Full call number Barcode Date last seen Bill Date Koha item type Total Checkouts Date last checked out
    Dewey Decimal Classification   Restricted Access   PHARMACY SGT FA-FP Library SGT FA-FP Library Reference Book 02/07/2015 ABC-DELHI 120.00 SGTU 5588 615.4 P12M FP1377 02/07/2015 04/04/2015 Books    
    Dewey Decimal Classification       PHARMACY SGT FA-FP Library SGT FA-FP Library Text Book 02/07/2015 ABC-DELHI 120.00 SGTU 5588 615.4 P12M FP1378 23/09/2025 04/04/2015 Books 3 23/09/2025